Organizational Behaviour (Record no. 4322)

MARC details
005 - DATE AND TIME OF LATEST TRANSACTION
control field 20250618152304.0
020 ## - INTERNATIONAL STANDARD BOOK NUMBER
International Standard Book Number 978-0-273-71939-7
082 ## - DEWEY DECIMAL CLASSIFICATION NUMBER
Classification number 658.3 ROB
100 ## - MAIN ENTRY--PERSONAL NAME
Author name ROBBINS, S.P.
245 ## - TITLE STATEMENT
Title Organizational Behaviour
250 ## - EDITION STATEMENT
Edition statement 13th Ed.
260 ## - PUBLICATION, DISTRIBUTION, ETC.
Place of publication, distribution, etc. England,
Name of publisher, distributor, etc. Pearson Education Limited,
Date of publication, distribution, etc. 2010.
300 ## - PHYSICAL DESCRIPTION
Extent xxvii,589p.:ill.;figures, pictures, tables
Other physical details Bibliography,Glossary and Index
Dimensions 26.5cm
700 ## - ADDED ENTRY--PERSONAL NAME
Other authors/Editors Judge, Timothy A.
700 ## - ADDED ENTRY--PERSONAL NAME
Other authors/Editors Campbell, Timothy T.
942 ## - ADDED ENTRY ELEMENTS (KOHA)
Source of classification or shelving scheme Dewey Decimal Classification
Koha item type Books
Holdings
Date last seen Total checkouts Full call number Barcode Cost, replacement price Price effective from Koha item type Lost status Source of classification or shelving scheme Damaged status Not for loan Withdrawn status Home library Current library Shelving location Date acquired Source of acquisition Cost, normal purchase price
06/18/2025   658.3 ROB MZA0001436 150000.00 06/18/2025 Books   Dewey Decimal Classification       CBE Mwanza CBE Mwanza Special Reserve Collection 06/18/2025 Donation from Mr. Madinda 50000.00